000 00428nam a2200169 a 4500
001 0000-9358
003 ELIB.Books
008 110520 1941
035 _a(ELIB.Books)0000-9510
082 _a258
_bDic
100 _aDick, Russell L.
245 _aWho is my Patient?
260 _bNew York: The Macmillan Company
_c1941
650 _aPastoral Theology
942 _2ddc
_cBK
998 _cbat
_e2011-05-20
999 _c9358
_d9358